[Event "2016 Redpath Mining Millionaire Chess Open"]
[Site "Old Ed’s Sports Complex, Houghton, Johannesburg"]
[Date "2016.07.17"]
[Round "8"]
[Board "1"]
[White "Hercules, Benjamin Vincent"]
[Black "Simutowe, Musatwe"]
[Result "1-0"]
[WhiteElo "2127"]
[BlackElo "2163"]
[PlyCount "0"]
[EventDate "2016.07.17"]
[EventRounds "15"]
[EventCountry "RSA"]

1. d4 {[%clk 0:03:03]} Nf6 {[%clk 0:03:03]} 2. Bg5 {[%clk 0:03:03]} e6
{[%clk 0:03:04]} 3. e3 {[%clk 0:03:04]} d5 {[%clk 0:03:05]} 4. f4
{[%clk 0:03:04]} h6 {[%clk 0:03:06]} 5. Bh4 {[%clk 0:03:05]} Be7 {[%clk 0:03:06]}
6. Nf3 {[%clk 0:03:06]} Ne4 {[%clk 0:03:08]} 7. Bxe7 {[%clk 0:03:06]} Qxe7
{[%clk 0:03:09]} 8. Bd3 {[%clk 0:03:05]} Nd6 {[%clk 0:03:02]} 9. Nbd2
{[%clk 0:03:03]} Nd7 {[%clk 0:03:02]} 10. O-O {[%clk 0:03:00]} c5
{[%clk 0:03:03]} 11. c3 {[%clk 0:03:01]} f5 {[%clk 0:02:58]} 12. Ne5
{[%clk 0:02:58]} Nxe5 {[%clk 0:02:54]} 13. fxe5 {[%clk 0:02:56]} Nf7
{[%clk 0:02:46]} 14. Qh5 {[%clk 0:02:39]} c4 {[%clk 0:02:42]} 15. Bc2
{[%clk 0:02:38]} Qg5 {[%clk 0:02:38]} 16. Qf3 {[%clk 0:02:34]} Bd7
{[%clk 0:02:34]} 17. b3 {[%clk 0:02:25]} cxb3 {[%clk 0:02:32]} 18. axb3
{[%clk 0:02:26]} O-O {[%clk 0:02:33]} 19. c4 {[%clk 0:02:25]} Bc6
{[%clk 0:02:34]} 20. Qf4 {[%clk 0:02:17]} Qxf4 {[%clk 0:02:30]} 21. exf4
{[%clk 0:02:10]} Rfd8 {[%clk 0:02:30]} 22. c5 {[%clk 0:02:05]} a6
{[%clk 0:02:31]} 23. Bd3 {[%clk 0:02:02]} Rf8 {[%clk 0:02:21]} 24. b4
{[%clk 0:02:02]} g5 {[%clk 0:02:13]} 25. g3 {[%clk 0:01:59]} Kg7 {[%clk 0:02:08]}
26. Kf2 {[%clk 0:01:57]} Rfb8 {[%clk 0:02:05]} 27. Nb3 {[%clk 0:01:52]} Nd8
{[%clk 0:02:02]} 28. Ra2 {[%clk 0:01:42]} Bd7 {[%clk 0:01:58]} 29. Rfa1
{[%clk 0:01:31]} Nc6 {[%clk 0:01:56]} 30. Ra4 {[%clk 0:01:20]} Na7
{[%clk 0:01:53]} 31. Ra5 {[%clk 0:01:12]} Nc6 {[%clk 0:01:53]} 32. R5a4
{[%clk 0:01:12]} Na7 {[%clk 0:01:48]} 33. R4a2 {[%clk 0:01:09]} Nc6
{[%clk 0:01:38]} 34. Ra4 {[%clk 0:01:05]} Ne7 {[%clk 0:01:39]} 35. R4a3
{[%clk 0:01:05]} Nc6 {[%clk 0:01:35]} 36. b5 {[%clk 0:01:04]} Nb4
{[%clk 0:01:32]} 37. Be2 {[%clk 0:00:37]} Nc2 {[%clk 0:01:33]} 38. b6
{[%clk 0:00:36]} Nxa1 {[%clk 0:01:30]} 39. Rxa1 {[%clk 0:00:36]} Rc8
{[%clk 0:01:30]} 40. Na5 {[%clk 0:00:35]} Rab8 {[%clk 0:01:32]} 41. Rc1
{[%clk 0:00:33]} Ba4 {[%clk 0:01:27]} 42. Bd3 {[%clk 0:00:34]} Kf7
{[%clk 0:01:27]} 43. Kf3 {[%clk 0:00:32]} Rg8 {[%clk 0:01:27]} 44. Ra1
{[%clk 0:00:30]} Bd7 {[%clk 0:01:25]} 45. Rb1 {[%clk 0:00:27]} Ke7
{[%clk 0:01:22]} 46. Rc1 {[%clk 0:00:15]} gxf4 {[%clk 0:01:22]} 47. Kxf4
{[%clk 0:00:13]} Rgc8 {[%clk 0:01:17]} 48. Ke3 {[%clk 0:00:12]} Bc6
{[%clk 0:01:16]} 49. Kf4 {[%clk 0:00:13]} Kd7 {[%clk 0:01:16]} 50. Ke3
{[%clk 0:00:12]} Rg8 {[%clk 0:01:17]} 51. Be2 {[%clk 0:00:12]} Rbf8
{[%clk 0:01:17]} 52. Rb1 {[%clk 0:00:09]} Rg5 {[%clk 0:01:15]} 53. Kf4
{[%clk 0:00:09]} Rgg8 {[%clk 0:01:14]} 54. Ke3 {[%clk 0:00:11]} Kc8
{[%clk 0:01:14]} 55. Kf4 {[%clk 0:00:12]} Rg5 {[%clk 0:01:11]} 56. Nxc6
{[%clk 0:00:12]} bxc6 {[%clk 0:01:12]} 57. Bxa6+ {[%clk 0:00:13]} Kd7
{[%clk 0:01:12]} 58. Be2 {[%clk 0:00:11]} Ra8 {[%clk 0:01:12]} 59. Rb2
{[%clk 0:00:10]} Rgg8 {[%clk 0:01:09]} 60. h3 {[%clk 0:00:10]} Ra4
{[%clk 0:01:08]} 61. Rd2 {[%clk 0:00:09]} Ra3 {[%clk 0:01:07]} 62. Bf3
{[%clk 0:00:09]} Kc8 {[%clk 0:01:06]} 63. Rb2 {[%clk 0:00:05]} Kb7
{[%clk 0:01:07]} 64. Rd2 {[%clk 0:00:06]} Ra1 {[%clk 0:01:05]} 65. g4
{[%clk 0:00:05]} Rf1 {[%clk 0:01:02]} 66. gxf5 {[%clk 0:00:05]} exf5
{[%clk 0:01:00]} 67. Rd3 {[%clk 0:00:06]} h5 {[%clk 0:01:00]} 68. e6
{[%clk 0:00:05]} h4 {[%clk 0:00:59]} 69. Kxf5 {[%clk 0:00:05]} Rf8+
{[%clk 0:01:00]} 70. Kg4 {[%clk 0:00:06]} Re8 {[%clk 0:00:59]} 71. Kf5
{[%clk 0:00:06]} Rf8+ {[%clk 0:01:00]} 72. Kg6 {[%clk 0:00:05]} R1xf3
{[%clk 0:00:54]} 73. Rxf3 {[%clk 0:00:06]} Rxf3 {[%clk 0:00:55]} 74. e7
{[%clk 0:00:07]} Rg3+ {[%clk 0:00:57]} 75. Kf7 {[%clk 0:00:08]} Rf3+
{[%clk 0:00:58]} 76. Ke6 {[%clk 0:00:09]} Re3+ {[%clk 0:00:58]} 77. Kd7
{[%clk 0:00:10]} Re4 {[%clk 0:00:54]} 78. e8=Q {[%clk 0:00:10

[Event "2016 Redpath Mining Millionaire Chess Open"]
[Site "Old Ed’s Sports Complex, Houghton, Johannesburg"]
[Date "2016.07.17"]
[Round "8"]
[Board "2"]
[White "Mwale, Joseph"]
[Black "Oatlhotse, Providence"]
[Result "1-0"]
[WhiteElo "2076"]
[BlackElo "2250"]
[PlyCount "0"]
[EventDate "2016.07.17"]
[EventRounds "15"]
[EventCountry "RSA"]

1. Nf3 {[%clk 0:03:03]} d5 {[%clk 0:03:04]} 2. g3 {[%clk 0:03:04]} c5
{[%clk 0:03:05]} 3. Bg2 {[%clk 0:03:05]} Nc6 {[%clk 0:03:07]} 4. d4
{[%clk 0:03:06]} cxd4 {[%clk 0:03:08]} 5. Nxd4 {[%clk 0:03:07]} e5
{[%clk 0:03:09]} 6. Nxc6 {[%clk 0:03:08]} bxc6 {[%clk 0:03:10]} 7. c4
{[%clk 0:03:09]} Bb4+ {[%clk 0:03:00]} 8. Bd2 {[%clk 0:02:59]} Bxd2+
{[%clk 0:03:01]} 9. Qxd2 {[%clk 0:02:59]} Ne7 {[%clk 0:02:54]} 10. O-O
{[%clk 0:02:43]} O-O {[%clk 0:02:38]} 11. Rd1 {[%clk 0:02:23]} Rb8
{[%clk 0:02:06]} 12. cxd5 {[%clk 0:01:37]} cxd5 {[%clk 0:02:05]} 13. Nc3
{[%clk 0:01:17]} d4 {[%clk 0:02:02]} 14. e3 {[%clk 0:01:11]} Bg4 {[%clk 0:01:50]}
15. f3 {[%clk 0:01:01]} dxc3 {[%clk 0:01:15]} 16. Qxc3 {[%clk 0:01:02]} Nd5
{[%clk 0:00:46]} 17. Qxe5 {[%clk 0:00:53]} Be6 {[%clk 0:00:31]} 18. f4
{[%clk 0:00:39]} Rb5 {[%clk 0:00:19]} 19. f5 {[%clk 0:00:23]} Nc7
{[%clk 0:00:09]} 20. Qxb5 {[%clk 0:00:18]} Nxb5 {[%clk 0:00:10]} 21. Rxd8
{[%clk 0:00:19]} Rxd8 {[%clk 0:00:11]} 22. fxe6 fxe6 {[%clk 0:00:13]} 23. Rf1
{[%clk 0:00:09]} Rd2 {[%clk 0:00:12]} 24. Rf2 {[%clk 0:00:10]} Rd1+
{[%clk 0:00:13]} 25. Bf1 {[%clk 0:00:11]} Nd6 {[%clk 0:00:13]} 26. Kg2
{[%clk 0:00:09]} Nf5 {[%clk 0:00:07]} 27. Kf3 {[%clk 0:00:10]} h5
{[%clk 0:00:06]} 28. Bh3 {[%clk 0:00:09]} g6 {[%clk 0:00:05]} 29. Bxf5
{[%clk 0:00:09]} exf5 {[%clk 0:00:06]} 30. Kf4 {[%clk 0:00:10]} Kg7
{[%clk 0:00:07]} 31. Rc2 {[%clk 0:00:11]} Kh6 {[%clk 0:00:07]} 32. Rc7
{[%clk 0:00:12]} Rf1+ {[%clk 0:00:08]} 33. Ke5 {[%clk 0:00:13]} Rf2
{[%clk 0:00:09]} 34. Rxa7 {[%clk 0:00:13]} Rxb2 35. h4 {[%clk 0:00:13]} Rg2
{[%clk 0:00:10]} 36. Kf4 {[%clk 0:00:14]} Rf2+ {[%clk 0:00:12]} 37. Ke5
{[%clk 0:00:15]} Rg2 {[%clk 0:00:13]} 38. a4 {[%clk 0:00:15]} Rxg3
{[%clk 0:00:14]} 39. Kd4 {[%clk 0:00:05]} Rg4+ {[%clk 0:00:14]} 40. Kd3
{[%clk 0:00:05]} Rxh4 {[%clk 0:00:15]} 41. a5 {[%clk 0:00:07]} Ra4
{[%clk 0:00:16]} 42. Ke2 {[%clk 0:00:08]} h4 {[%clk 0:00:17]} 43. Kf3
{[%clk 0:00:09]} g5 {[%clk 0:00:17]} 44. a6 {[%clk 0:00:10]} g4+ {[%clk 0:00:17]}
45. Kf2 {[%clk 0:00:10]} Ra2+ {[%clk 0:00:18]} 46. Kf1 {[%clk 0:00:11]} g3
{[%clk 0:00:18]} 47. Ra8 {[%clk 0:00:11]} Kg5 {[%clk 0:00:11]} 48. a7
{[%clk 0:00:11]} g2+ {[%clk 0:00:05]} 49. Kg1 {[%clk 0:00:10]} Ra1+
{[%clk 0:00:05]} 50. Kxg2 {[%clk 0:00:11]} h3+ 1-0

[Event "2016 Redpath Mining Millionaire Chess Open"]
[Site "Old Ed’s Sports Complex, Houghton, Johannesburg"]
[Date "2016.07.17"]
[Round "9"]
[Board "1"]
[White "Simutowe, Musatwe"]
[Black "Hercules, Benjamin Vincent"]
[Result "1-0"]
[WhiteElo "2163"]
[BlackElo "2127"]
[PlyCount "0"]
[EventDate "2016.07.17"]
[EventRounds "15"]
[EventCountry "RSA"]

1. d4 {[%clk 0:03:02]} d5 {[%clk 0:03:02]} 2. c4 {[%clk 0:03:03]} e6
{[%clk 0:03:03]} 3. Nc3 Nf6 {[%clk 0:03:03]} 4. Bg5 {[%clk 0:03:03]} Be7
{[%clk 0:03:02]} 5. e3 {[%clk 0:03:05]} Nbd7 {[%clk 0:02:58]} 6. Nf3
{[%clk 0:03:04]} c6 {[%clk 0:02:59]} 7. Bd3 {[%clk 0:03:03]} O-O {[%clk 0:02:58]}
8. O-O {[%clk 0:03:04]} Re8 {[%clk 0:02:57]} 9. Qc2 {[%clk 0:03:01]} Nf8
{[%clk 0:02:55]} 10. Rad1 {[%clk 0:02:59]} Ng6 {[%clk 0:02:48]} 11. Rfe1
{[%clk 0:02:54]} b6 {[%clk 0:02:39]} 12. Qa4 {[%clk 0:02:50]} Bb7
{[%clk 0:02:36]} 13. cxd5 {[%clk 0:02:49]} cxd5 {[%clk 0:02:35]} 14. Ba6
{[%clk 0:02:49]} Bxa6 {[%clk 0:02:31]} 15. Qxa6 {[%clk 0:02:50]} Qc8
{[%clk 0:02:32]} 16. Qa4 {[%clk 0:02:48]} Qd7 {[%clk 0:02:26]} 17. Qa6
{[%clk 0:02:47]} Rec8 {[%clk 0:02:17]} 18. Rc1 {[%clk 0:02:47]} Bb4
{[%clk 0:01:54]} 19. Nd2 {[%clk 0:02:36]} Bxc3 {[%clk 0:01:49]} 20. bxc3
{[%clk 0:02:38]} Rc7 {[%clk 0:01:36]} 21. Bxf6 {[%clk 0:02:09]} gxf6
{[%clk 0:01:37]} 22. Nb1 {[%clk 0:02:10]} Ne7 {[%clk 0:01:27]} 23. e4
{[%clk 0:02:10]} dxe4 {[%clk 0:01:22]} 24. Rxe4 {[%clk 0:02:11]} f5
{[%clk 0:01:23]} 25. Rh4 {[%clk 0:02:11]} Ng6 {[%clk 0:01:17]} 26. Rh3
{[%clk 0:02:12]} Qxd4 {[%clk 0:01:07]} 27. Rd3 {[%clk 0:01:59]} Qc4
{[%clk 0:01:03]} 28. Qxc4 {[%clk 0:01:50]} Rxc4 {[%clk 0:01:04]} 29. Rd7
{[%clk 0:01:52]} Ra4 30. Rc2 Ne5 {[%clk 0:00:52]} 31. Rd1 {[%clk 0:01:48]} Rc8
{[%clk 0:00:47]} 32. Rcd2 {[%clk 0:01:46]} Kg7 {[%clk 0:00:43]} 33. h3
{[%clk 0:01:47]} Kf6 {[%clk 0:00:44]} 34. Kh2 {[%clk 0:01:49]} Rc7
{[%clk 0:00:43]} 35. Re1 {[%clk 0:01:49]} Rac4 {[%clk 0:00:42]} 36. Rd8
{[%clk 0:01:50]} Rc8 {[%clk 0:00:42]} 37. Rd6 {[%clk 0:01:49]} R4c6
{[%clk 0:00:42]} 38. Rd2 {[%clk 0:01:49]} Nc4 {[%clk 0:00:40]} 39. Rde2
{[%clk 0:01:50]} Nd6 {[%clk 0:00:39]} 40. f3 {[%clk 0:01:50]} Nb5
{[%clk 0:00:39]} 41. Rd2 {[%clk 0:01:44]} Nxc3 {[%clk 0:00:37]} 42. Na3
{[%clk 0:01:41]} Nd5 {[%clk 0:00:35]} 43. Nb5 {[%clk 0:01:41]} a6
{[%clk 0:00:32]} 44. Nd4 {[%clk 0:01:42]} Rc4 {[%clk 0:00:32]} 45. g4
{[%clk 0:01:32]} fxg4 {[%clk 0:00:27]} 46. hxg4 {[%clk 0:01:32]} b5
{[%clk 0:00:25]} 47. Kg3 {[%clk 0:01:34]} Rc3 {[%clk 0:00:26]} 48. Rh1
{[%clk 0:01:31]} Kg7 {[%clk 0:00:26]} 49. Rdh2 {[%clk 0:01:25]} Rh8
{[%clk 0:00:22]} 50. Rd2 {[%clk 0:01:20]} Rhc8 {[%clk 0:00:21]} 51. Rh5
{[%clk 0:01:11]} b4 {[%clk 0:00:18]} 52. Rdh2 {[%clk 0:01:12]} Rh8
{[%clk 0:00:18]} 53. Rg5+ {[%clk 0:01:13]} Kf6 {[%clk 0:00:18]} 54. Rgh5
{[%clk 0:01:14]} Kg7 {[%clk 0:00:19]} 55. Rb2 {[%clk 0:01:10]} a5
{[%clk 0:00:20]} 56. Rh1 {[%clk 0:01:09]} Rhc8 {[%clk 0:00:19]} 57. Rbh2
{[%clk 0:01:08]} Rh8 {[%clk 0:00:20]} 58. g5 {[%clk 0:01:10]} Ne7
{[%clk 0:00:20]} 59. Ne2 {[%clk 0:01:08]} Nf5+ {[%clk 0:00:21]} 60. Kg4
{[%clk 0:01:06]} Rc2 {[%clk 0:00:20]} 61. Nf4 {[%clk 0:01:07]} Rxh2
{[%clk 0:00:21]} 62. Rxh2 {[%clk 0:01:08]} Rd8 {[%clk 0:00:20]} 63. Nh5+
{[%clk 0:01:08]} Kf8 {[%clk 0:00:20]} 64. Nf6 {[%clk 0:01:09]} Ke7
{[%clk 0:00:21]} 65. Rxh7 {[%clk 0:01:05]} Rd4+ {[%clk 0:00:22]} 66. f4
{[%clk 0:01:06]} Ne3+ {[%clk 0:00:20]} 67. Kf3 {[%clk 0:01:07]} Nd5
{[%clk 0:00:21]} 68. Nh5 {[%clk 0:01:05]} Kf8 {[%clk 0:00:18]} 69. Rh8+
{[%clk 0:01:06]} Ke7 {[%clk 0:00:18]} 70. Ra8 {[%clk 0:01:07]} Rd3+
{[%clk 0:00:18]} 71. Kg4 {[%clk 0:01:06]} Ne3+ {[%clk 0:00:18]} 72. Kf3
{[%clk 0:01:06]} Nf5+ {[%clk 0:00:18]} 73. Kf2 {[%clk 0:01:06]} Rd2+
{[%clk 0:00:19]} 74. Kf3 {[%clk 0:01:07]} Rxa2 {[%clk 0:00:20]} 75. Ra7+
{[%clk 0:01:07]} Kf8 {[%clk 0:00:19]} 76. Ra8+ {[%clk 0:01:08]} Ke7
{[%clk 0:00:20]} 77. Nf6 {[%clk 0:01:09]} Ra3+ {[%clk 0:00:20]} 78. Ke2
{[%clk 0:01:09]} Nd6 {[%clk 0:00:20]} 79. Ra7+ {[%cl

[Event "2016 Redpath Mining Millionaire Chess Open"]
[Site "Old Ed’s Sports Complex, Houghton, Johannesburg"]
[Date "2016.07.17"]
[Round "9"]
[Board "2"]
[White "Oatlhotse, Providence"]
[Black "Mwale, Joseph"]
[Result "1-0"]
[WhiteElo "2250"]
[BlackElo "2076"]
[PlyCount "0"]
[EventDate "2016.07.17"]
[EventRounds "15"]
[EventCountry "RSA"]

1. e4 {[%clk 0:03:03]} e5 {[%clk 0:03:03]} 2. Nf3 {[%clk 0:03:04]} Nc6
{[%clk 0:03:04]} 3. Bb5 {[%clk 0:02:59]} a6 {[%clk 0:03:04]} 4. Ba4
{[%clk 0:03:00]} Nf6 {[%clk 0:03:05]} 5. d3 {[%clk 0:03:01]} b5 {[%clk 0:03:04]}
6. Bb3 {[%clk 0:03:02]} Be7 {[%clk 0:03:05]} 7. O-O {[%clk 0:03:02]} O-O
{[%clk 0:03:06]} 8. Re1 {[%clk 0:02:53]} d6 {[%clk 0:03:04]} 9. c3
{[%clk 0:02:49]} Bb7 {[%clk 0:03:00]} 10. Nbd2 {[%clk 0:02:45]} Nd7
{[%clk 0:02:46]} 11. Nf1 {[%clk 0:02:39]} Bf6 {[%clk 0:02:38]} 12. Ng3
{[%clk 0:02:32]} g6 {[%clk 0:02:38]} 13. Bh6 {[%clk 0:02:31]} Re8
{[%clk 0:02:39]} 14. h3 {[%clk 0:02:29]} Bg7 {[%clk 0:02:29]} 15. Bxg7
{[%clk 0:02:21]} Kxg7 {[%clk 0:02:29]} 16. Nh2 {[%clk 0:02:19]} Nf6
{[%clk 0:02:25]} 17. Qf3 {[%clk 0:02:09]} Na5 {[%clk 0:02:20]} 18. Bc2
{[%clk 0:02:07]} c5 {[%clk 0:02:17]} 19. Rad1 {[%clk 0:01:39]} Qe7
{[%clk 0:02:09]} 20. Nhf1 {[%clk 0:01:36]} Qe6 {[%clk 0:01:56]} 21. Bb1
{[%clk 0:01:31]} d5 {[%clk 0:01:47]} 22. Ne3 {[%clk 0:01:29]} dxe4
{[%clk 0:01:38]} 23. dxe4 {[%clk 0:01:17]} Rad8 {[%clk 0:01:36]} 24. b3
{[%clk 0:01:03]} b4 {[%clk 0:01:31]} 25. cxb4 {[%clk 0:00:46]} cxb4
{[%clk 0:01:31]} 26. Qe2 {[%clk 0:00:33]} Nc6 {[%clk 0:01:19]} 27. Qc4
{[%clk 0:00:29]} Qxc4 {[%clk 0:00:53]} 28. Nxc4 {[%clk 0:00:30]} Nd4
{[%clk 0:00:48]} 29. f3 {[%clk 0:00:30]} Bc6 {[%clk 0:00:40]} 30. Nf1
{[%clk 0:00:27]} Nb5 {[%clk 0:00:34]} 31. Kf2 {[%clk 0:00:21]} Nd4
{[%clk 0:00:26]} 32. Nfe3 {[%clk 0:00:20]} Bb5 {[%clk 0:00:25]} 33. Bd3
{[%clk 0:00:20]} Nd7 {[%clk 0:00:21]} 34. Nd6 {[%clk 0:00:19]} Re6
{[%clk 0:00:18]} 35. Nxb5 {[%clk 0:00:20]} axb5 {[%clk 0:00:16]} 36. Nc2
{[%clk 0:00:20]} Nxc2 {[%clk 0:00:09]} 37. Bxc2 {[%clk 0:00:21]} Ree8
{[%clk 0:00:09]} 38. Bd3 {[%clk 0:00:22]} Rb8 {[%clk 0:00:09]} 39. Bxb5
{[%clk 0:00:22]} Rxb5 {[%clk 0:00:09]} 40. Rxd7 {[%clk 0:00:23]} Ra8
{[%clk 0:00:09]} 41. Re2 {[%clk 0:00:24]} Rba5 {[%clk 0:00:09]} 42. Rdd2
{[%clk 0:00:25]} Kf6 {[%clk 0:00:09]} 43. Rc2 {[%clk 0:00:26]} Ke6
{[%clk 0:00:10]} 44. Red2 {[%clk 0:00:27]} R5a6 {[%clk 0:00:11]} 45. g3
{[%clk 0:00:28]} f5 {[%clk 0:00:11]} 46. Ke3 {[%clk 0:00:29]} fxe4
{[%clk 0:00:11]} 47. Kxe4 {[%clk 0:00:28]} R6a7 {[%clk 0:00:12]} 48. Rc6+
{[%clk 0:00:25]} Kf7 {[%clk 0:00:12]} 49. Kxe5 {[%clk 0:00:25]} Rxa2 50. Rxa2
{[%clk 0:00:22]} Rxa2 {[%clk 0:00:14]} 51. Rc7+ {[%clk 0:00:19]} Kg8
{[%clk 0:00:13]} 52. Rb7 {[%clk 0:00:20]} Ra5+ {[%clk 0:00:08]} 53. Ke4
{[%clk 0:00:15]} Rh5 {[%clk 0:00:04]} 54. h4 {[%clk 0:00:15]} g5 {[%clk 0:00:05]}
55. hxg5 {[%clk 0:00:14]} Rxg5 {[%clk 0:00:06]} 56. g4 {[%clk 0:00:16]} h5
{[%clk 0:00:07]} 57. gxh5 {[%clk 0:00:13]} Rxh5 {[%clk 0:00:09]} 58. Rxb4
{[%clk 0:00:12]} Kf7 {[%clk 0:00:10]} 59. f4 {[%clk 0:00:11]} Rh1
{[%clk 0:00:11]} 60. Rb6 {[%clk 0:00:12]} Re1+ {[%clk 0:00:12]} 61. Kf5
{[%clk 0:00:13]} Rb1 {[%clk 0:00:13]} 62. b4 {[%clk 0:00:14]} Ra1
{[%clk 0:00:13]} 63. Rb7+ {[%clk 0:00:14]} Ke8 {[%clk 0:00:14]} 64. b5
{[%clk 0:00:14]} Kf8 {[%clk 0:00:14]} 65. Kf6 {[%clk 0:00:15]} Ke8
{[%clk 0:00:15]} 66. f5 {[%clk 0:00:15]} Rg1 {[%clk 0:00:16]} 67. b6
{[%clk 0:00:14]} Rf1 {[%clk 0:00:17]} 68. Rc7 {[%clk 0:00:06]} Rb1
{[%clk 0:00:15]} 69. b7 {[%clk 0:00:05]} Rb6+ {[%clk 0:00:12]} 70. Kg5 1-0

[Event "2016 Redpath Mining Millionaire Chess Open"]
[Site "Old Ed’s Sports Complex, Houghton, Johannesburg"]
[Date "2016.07.17"]
[Round "10"]
[Board "1"]
[White "Hercules, Benjamin Vincent"]
[Black "Simutowe, Musatwe"]
[Result "0-1"]
[WhiteElo "2127"]
[BlackElo "2163"]
[PlyCount "0"]
[EventDate "2016.07.17"]
[EventRounds "15"]
[EventCountry "RSA"]

1. d4 {[%clk 0:04:59]} d5 {[%clk 0:03:29]} 2. c4 c6 3. Nc3 {[%clk 0:04:54]} Nf6
{[%clk 0:03:28]} 4. e3 {[%clk 0:04:52]} e6 {[%clk 0:03:27]} 5. Nf3
{[%clk 0:04:50]} Nbd7 {[%clk 0:03:26]} 6. Qc2 {[%clk 0:04:49]} b6
{[%clk 0:03:20]} 7. b3 {[%clk 0:04:38]} Bb7 {[%clk 0:03:19]} 8. Bb2
{[%clk 0:04:37]} Be7 {[%clk 0:03:18]} 9. Bd3 {[%clk 0:04:35]} O-O
{[%clk 0:03:16]} 10. O-O {[%clk 0:04:34]} Rc8 {[%clk 0:03:15]} 11. Rac1
{[%clk 0:04:33]} c5 {[%clk 0:03:10]} 12. Qb1 {[%clk 0:04:28]} cxd4
{[%clk 0:03:05]} 13. exd4 {[%clk 0:04:19]} dxc4 {[%clk 0:03:04]} 14. bxc4
{[%clk 0:04:18]} Bxf3 15. gxf3 {[%clk 0:04:17]} Re8 {[%clk 0:02:55]} 16. Ne4
{[%clk 0:04:15]} Nf8 {[%clk 0:02:53]} 17. Kh1 {[%clk 0:04:03]} Qc7
{[%clk 0:02:51]} 18. Rg1 {[%clk 0:03:58]} Qf4 {[%clk 0:02:48]} 19. Be2
{[%clk 0:03:35]} Ng6 {[%clk 0:02:42]} 20. Rg3 {[%clk 0:03:26]} Nh5
{[%clk 0:02:32]} 21. Rg4 {[%clk 0:03:24]} Qb8 {[%clk 0:02:29]} 22. Rcg1
{[%clk 0:03:18]} Nhf4 {[%clk 0:02:20]} 23. Bf1 {[%clk 0:03:11]} f5
{[%clk 0:02:18]} 24. Rxg6 {[%clk 0:03:08]} Nxg6 {[%clk 0:02:14]} 25. Ng3
{[%clk 0:02:58]} Qf4 {[%clk 0:02:11]} 26. Qd3 {[%clk 0:02:55]} Qh4
{[%clk 0:02:05]} 27. d5 {[%clk 0:02:39]} Bf6 {[%clk 0:01:56]} 28. Bxf6
{[%clk 0:02:29]} Qxf6 {[%clk 0:01:55]} 29. d6 {[%clk 0:02:21]} Red8
{[%clk 0:01:54]} 30. f4 {[%clk 0:02:00]} Nxf4 {[%clk 0:01:46]} 31. Qd2
{[%clk 0:01:56]} Ng6 {[%clk 0:01:41]} 32. f4 {[%clk 0:01:45]} Rc6
{[%clk 0:01:39]} 33. Nh5 {[%clk 0:01:38]} Qf7 {[%clk 0:01:38]} 34. c5
{[%clk 0:01:31]} Rxc5 {[%clk 0:01:34]} 35. Qd4 {[%clk 0:01:18]} Rd5
{[%clk 0:01:33]} 36. Qb2 {[%clk 0:01:13]} R5xd6 {[%clk 0:01:32]} 37. Bc4
{[%clk 0:01:12]} Rd2 {[%clk 0:01:20]} 38. Qa1 {[%clk 0:01:09]} Qb7+
{[%clk 0:01:17]} 0-1

[Event "2016 Redpath Mining Millionaire Chess Open"]
[Site "Old Ed’s Sports Complex, Houghton, Johannesburg"]
[Date "2016.07.17"]
[Round "10"]
[Board "2"]
[White "Mwale, Joseph"]
[Black "Oatlhotse, Providence"]
[Result "0-1"]
[WhiteElo "2076"]
[BlackElo "2250"]
[PlyCount "0"]
[EventDate "2016.07.17"]
[EventRounds "15"]
[EventCountry "RSA"]

1. Nf3 {[%clk 0:04:59]} d5 {[%clk 0:03:28]} 2. g3 {[%clk 0:04:57]} Nf6
{[%clk 0:03:27]} 3. Bg2 {[%clk 0:04:56]} c6 {[%clk 0:03:26]} 4. O-O
{[%clk 0:04:54]} Bg4 {[%clk 0:03:24]} 5. d4 {[%clk 0:04:53]} Nbd7
{[%clk 0:03:19]} 6. c4 {[%clk 0:04:51]} e6 {[%clk 0:03:15]} 7. b3
{[%clk 0:04:49]} Be7 {[%clk 0:03:10]} 8. Bb2 {[%clk 0:04:47]} O-O
{[%clk 0:03:08]} 9. Nc3 {[%clk 0:04:46]} Re8 {[%clk 0:02:51]} 10. Re1
{[%clk 0:04:40]} h6 {[%clk 0:02:42]} 11. Rc1 {[%clk 0:04:34]} Qa5
{[%clk 0:02:36]} 12. a3 {[%clk 0:04:19]} Rad8 {[%clk 0:02:29]} 13. b4
{[%clk 0:04:16]} Qb6 {[%clk 0:02:13]} 14. cxd5 {[%clk 0:03:46]} exd5
{[%clk 0:02:06]} 15. Qd3 {[%clk 0:03:24]} a6 {[%clk 0:01:46]} 16. Ba1
{[%clk 0:02:57]} Bd6 {[%clk 0:01:43]} 17. Nd2 {[%clk 0:02:53]} Bf8
{[%clk 0:01:35]} 18. e4 {[%clk 0:02:44]} dxe4 {[%clk 0:01:34]} 19. Ndxe4
{[%clk 0:02:41]} Bh5 {[%clk 0:01:27]} 20. Nxf6+ {[%clk 0:02:34]} Nxf6
{[%clk 0:01:23]} 21. Ne4 {[%clk 0:02:31]} Nxe4 {[%clk 0:01:21]} 22. Bxe4
{[%clk 0:02:29]} Qb5 {[%clk 0:01:18]} 23. Qb3 {[%clk 0:02:13]} Qg5
{[%clk 0:01:13]} 24. a4 {[%clk 0:01:56]} Rxe4 {[%clk 0:01:10]} 25. Rf1
{[%clk 0:01:34]} Qd5 {[%clk 0:01:04]} 26. Qd3 {[%clk 0:01:29]} Be2
{[%clk 0:01:02]} 27. Qc2 {[%clk 0:01:16]} Bxf1 {[%clk 0:00:59]} 28. Rxf1
{[%clk 0:01:15]} Bxb4 {[%clk 0:00:53]} 29. Qb2 {[%clk 0:01:13]} a5
{[%clk 0:00:51]} 30. Qc2 {[%clk 0:01:11]} Rde8 {[%clk 0:00:50]} 31. Bc3
{[%clk 0:01:07]} Re2 {[%clk 0:00:48]} 32. Qd3 {[%clk 0:01:05]} Qe4
{[%clk 0:00:46]} 33. Qc4 {[%clk 0:01:01]} Qc2 {[%clk 0:00:42]} 34. d5
{[%clk 0:00:56]} Qxc3 {[%clk 0:00:40]} 35. Qf4 {[%clk 0:00:52]} cxd5
{[%clk 0:00:39]} 36. h4 {[%clk 0:00:50]} Re1 {[%clk 0:00:38]} 37. h5
{[%clk 0:00:48]} Qc4 {[%clk 0:00:36]} 38. Rxe1 {[%clk 0:00:45]} Rxe1+
{[%clk 0:00:35]} 39. Kh2 {[%clk 0:00:44]} Qxf4 {[%clk 0:00:33]} 0-1